National rural manpower : Adjustment to industry
Na minha lista:
| Autor principal: | |
|---|---|
| Formato: | Livro |
| Idioma: | Undetermined |
| Publicado em: |
Paris
Organization for economic co-operation and development
1965
|
| Assuntos: | |
| Tags: |
Adicionar Tag
Sem tags, seja o primeiro a adicionar uma tag!
|
| Thư viện lưu trữ: | Trung tâm Học liệu Trường Đại học Cần Thơ |
|---|
| LEADER | 00539nam a2200193Ia 4500 | ||
|---|---|---|---|
| 001 | CTU_80412 | ||
| 008 | 210402s9999 xx 000 0 und d | ||
| 082 | |a 331.127 | ||
| 082 | |b B422 | ||
| 100 | |a Beijer, G. | ||
| 245 | 0 | |a National rural manpower : | |
| 245 | 0 | |b Adjustment to industry | |
| 245 | 0 | |c G. Beijer | |
| 260 | |a Paris | ||
| 260 | |b Organization for economic co-operation and development | ||
| 260 | |c 1965 | ||
| 650 | |a Labour mobility | ||
| 904 | |i Trọng Hải | ||
| 980 | |a Trung tâm Học liệu Trường Đại học Cần Thơ | ||